| 000 -LEADER |
| fixed length control field |
00724nam a2200241 a 4500 |
| 008 - FIXED-LENGTH DATA ELEMENTS--GENERAL INFORMATION |
| fixed length control field |
191104r20072008xxk||||g |||| 00| 0beng d |
| 020 ## - INTERNATIONAL STANDARD BOOK NUMBER |
| International Standard Book Number |
9781847670830 |
| Terms of availability |
Rs. 798.00 |
| 040 ## - CATALOGING SOURCE |
| Original cataloging agency |
IMU Kochi Library |
| Language of cataloging |
eng |
| 041 0# - LANGUAGE CODE |
| Language code of text/sound track or separate title |
eng |
| 044 ## - COUNTRY OF PUBLISHING/PRODUCING ENTITY CODE |
| MARC country code |
United Kingdom |
| 082 04 - DEWEY DECIMAL CLASSIFICATION NUMBER |
| Edition number |
23 |
| Classification number |
973.932 |
| Item number |
Ob1 |
| 100 1# - MAIN ENTRY--PERSONAL NAME |
| Personal name |
Obama, Barack |
| 245 10 - TITLE STATEMENT |
| Title |
The Audacity of Hope : |
| Sub Title |
Thoughts on reclaiming the American Dream / |
| 260 ## - PUBLICATION, DISTRIBUTION, ETC. (IMPRINT) |
| Place of publication, distribution, etc |
Edinburgh : |
| Name of publisher, distributor, etc |
Canongate Books Ltd. , |
| Date of publication, distribution, etc |
2007, reprinted 2008 |
| 300 ## - PHYSICAL DESCRIPTION |
| Extent |
375 p. ; |
| Dimensions |
20 cm. |
| 504 ## - BIBLIOGRAPHY, ETC. NOTE |
| Bibliography, etc |
Include Index. |
| 600 ## - SUBJECT ADDED ENTRY--PERSONAL NAME |
| Personal name |
Obama, Barack |
| 650 #0 - SUBJECT ADDED ENTRY--TOPICAL TERM |
| Topical term or geographic name as entry element |
Philosophy |
| Form subdivision |
Biography |
| Geographic subdivision |
United States |
| 650 #0 - SUBJECT ADDED ENTRY--TOPICAL TERM |
| Topical term or geographic name as entry element |
Legislators Congress. Senate |
| Form subdivision |
Biography |
| Geographic subdivision |
United States |
| 852 ## - LOCATION/CALL NUMBER |
| Location |
IMU Kochi Library |
| 904 ## - LOCAL DATA ELEMENT D, LDD (RLIN) |
| CATALOGER |
Akhil Bose |
| 942 ## - ADDED ENTRY ELEMENTS (KOHA) |
| Item type |
Books |